The negative /

Bibliographic Details
Main Author: Adams, Ansel, 1902-1984
Other Authors: Baker, Robert
Format: Book
Language:English
Published: Boston : New York Graphic Society, [1981]
Edition:1st ed.
Series:Adams, Ansel, 1902-1984. New Ansel Adams photography series ; bk. 2.
Subjects:

MARC

Tag First Indicator Second Indicator Subfields
LEADER 00000cam a2200000 a 4500
001 in00000091644
005 20150923131709.0
008 811002s1981 nyu 00110 eng
010 |a  81016808  
020 |a 0821211315 
035 |a (OCoLC)07875224 
035 |9 AAK6975AM 
039 0 |a 2  |b 3  |c 3  |d 3  |e 3 
040 |a DLC  |c DLC  |d TXA  |d UtOrBLW 
049 |a TXAM  |c [1272610] 
050 0 0 |a TR591  |b .A3 
082 0 |a 770/.28/3  |2 19 
090 |a TR145  |b  A38 Bk. 2 
100 1 |a Adams, Ansel,  |d 1902-1984. 
245 1 4 |a The negative /  |c Ansel Adams, with the collaboration of Robert Baker. 
250 |a 1st ed. 
263 |a 8111 
264 1 |a Boston :  |b New York Graphic Society,  |c [1981] 
264 4 |c ©1981 
300 |a xiii, 272 pages :  |b illustrations ;  |c 25 cm. 
336 |a text  |b txt  |2 rdacontent 
337 |a unmediated  |b n  |2 rdamedia 
338 |a volume  |b nc  |2 rdacarrier 
490 1 |a The New Ansel Adams photography series ;  |v Bk. 2 
500 |a Includes index. 
650 0 |a Photography  |x Negatives. 
650 0 |a Zone system (Photography) 
700 1 |a Baker, Robert. 
800 1 |a Adams, Ansel,  |d 1902-1984.  |t New Ansel Adams photography series ;  |v bk. 2. 
999 |a MARS 
999 f f |s 2d2fb47f-eb63-3ef2-abca-ab6e619fa10e  |i 344abaa1-7541-30f9-b84e-0f1501684c6d  |t 0 
952 f f |p normal  |a Texas A&M University  |b College Station  |c Sterling C. Evans Library  |d Evans: Library Stacks  |t 0  |e TR145 A38 Bk. 2  |h Library of Congress classification  |i unmediated -- volume  |m A14806018545 
998 f f |a TR145 A38 Bk. 2  |t 0  |l Evans: Library Stacks